| 000 | 04893cam a22005534a 4500 | ||
|---|---|---|---|
| 001 | ocn693208079 | ||
| 003 | OCoLC | ||
| 005 | 20210914105557.0 | ||
| 008 | 101213s2011 enk b 001 0 eng | ||
| 010 | _a 2010051865 | ||
| 015 |
_aGBB0C7810 _2bnb |
||
| 016 | 7 |
_a015678664 _2Uk |
|
| 020 |
_a9780521199094 _q(hardback) |
||
| 020 |
_a0521199093 _q(hardback) |
||
| 020 |
_a9780521153393 _q(paperback) |
||
| 020 |
_a0521153395 _q(paperback) |
||
| 024 | 8 | _a40019751299 | |
| 035 | _a(OCoLC)693208079 | ||
| 040 |
_aDLC _beng _cDLC |
||
| 042 | _apcc | ||
| 049 | _aTZAA | ||
| 050 | 0 | 0 |
_aKC1200 _b.M47 2011 |
| 100 | 1 | _aMerrills, J. G. | |
| 245 | 1 | 0 |
_aInternational dispute settlement / _cJ.G. Merrills. |
| 250 | _a5th ed. | ||
| 260 |
_aCambridge, UK ; _aNew York : _bCambridge University Press, _c2011. |
||
| 300 |
_axxv, 359 pages ; _c25 cm |
||
| 504 | _aIncludes bibliographical references and index. | ||
| 505 | 0 | _aNegotiation -- Mediation -- Inquiry -- Conciliation -- Arbitration -- The International Court I : organisation and procedure -- The International Court II : the work of the Court -- The Law of the Sea Convention -- International trade disputes -- The United Nations -- Regional organisations -- Trends and prospects -- Appendix A. Agreement between Argentina and the United Kingdom establishing an Interim Reciprocal Information and Consultation System, 1990 -- Appendix B. Report of the Commission of Inquiry into the Red Crusader Incident, 1962 (extract) -- Appendix C. Conciliation Commission on the Continental Shelf Area between Iceland and Jan Mayen, May 1981 -- Appendix D. Arbitration Agreement between the United Kingdom and France, July 1975 -- Appendix E. Special Agreement for Submission to the International Court of Justice of the Differences Between the Republic of Hungary and the Slovak Republic Concerning the Gabcikovo-Nagymaros Project (1993) -- Appendix F. Optional Clause Declarations (Peru, Djibouti, Japan, Germany) -- Appendix G. WTO : Rules of Conduct for the Understanding on Rules and Procedures Governing the Settlement of Disputes (extract) -- Appendix H. Security Council Resolution 915, establishing UNASOG, May 1994 -- Appendix I. Terms of Reference of the Trust Fund for the International Tribunal for the Law of the Sea (2000) -- Appendix J. Ruling Pertaining to the Differences between France and New Zealand Arising from the Rainbow Warrior Affair (extract) -- Appendix K. CIS : Concept for Prevention and Settlement of Conflicts in the Territory of States members of the Commonwealth of Independent States (1996). | |
| 520 | _a"A guide to the techniques and institutions used to solve international disputes, how they work and when they are used. This textbook looks at diplomatic (negotiation, mediation, inquiry and conciliation) and legal methods (arbitration, judicial settlement). It uses many, often topical, examples of each method in practice to place the theory of how things should work in the context of real-life situations and to help the reader understand the strengths and weaknesses of different methods when they are used. It also looks at organisations such as the International Court and the United Nations and has been fully updated to include the most recent arbitrations, developments in the WTO and the International Tribunal for the Law of the Sea, as well as case law from the International Court of Justice"--Provided by publisher. | ||
| 650 | 0 | _aPacific settlement of international disputes. | |
| 650 | 7 |
_aReglement de differends. _2eclas |
|
| 650 | 7 |
_aDroit international. _2eclas |
|
| 650 | 7 |
_aCour internationale de justice. _2eclas _914845 |
|
| 650 | 7 |
_aArbitrage international. _2eclas |
|
| 650 | 7 |
_aOrganisation mondiale du commerce. _2eclas _914665 |
|
| 650 | 7 |
_aOrganisation des Nations unies. _2eclas |
|
| 650 | 7 |
_aManuels. _2eclas |
|
| 650 | 7 |
_aPacific settlement of international disputes. _2fast |
|
| 650 | 1 | 7 |
_aConflict management. _2gtt _9685 |
| 650 | 7 |
_aDroit international. _2ram |
|
| 856 | 4 | 1 |
_uhttp://www.dawsonera.com/depp/reader/protected/external/AbstractView/S9781139010962 _zView this book online, via DawsonERA, both on- and off-campus |
| 856 | 4 | 2 |
_3Cover image _uhttp://assets.cambridge.org/97805211/99094/cover/9780521199094.jpg |
| 856 | 4 | 2 |
_3Cover image _uhttp://assets.cambridge.org.proxy1.library.mcgill.ca/97805211/99094/cover/9780521199094.jpg |
| 856 | 4 | 2 |
_uhttp://lib.leeds.ac.uk/search/febook3165793 _zThis title is also available as an eBook. Click here. |
| 856 | 4 | 1 |
_uhttps://www.dawsonera.com/guard/protected/dawson.jsp?name=https://passport01.leeds.ac.uk/idp/shibboleth&dest=http://www.dawsonera.com/depp/reader/protected/external/AbstractView/S9781139010962 _zView this book online, via DawsonERA, both on- and off-campus |
| 856 | 4 | 2 |
_uhttp://lib.leeds.ac.uk/record=b3165793 _zThis title is also available in print. Click here. |
| 942 |
_2lcc _cBOOK |
||
| 999 |
_c6169 _d6169 |
||